Media Communication : An Introduction to Theory and Process (Record no. 1208)
[ view plain ]
| 000 -LEADER | |
|---|---|
| Fixed length control field | 00505nam a2200181 4500 |
| 003 - CONTROL NUMBER IDENTIFIER | |
| Control field | SEACOMMC |
| 005 - DATE AND TIME OF LATEST TRANSACTION | |
| Control field | 20250426133909.0 |
| 008 - FIXED-LENGTH DATA ELEMENTS--GENERAL INFORMATION | |
| Fixed length control field | 250426b |||||||| |||| 00| 0 eng d |
| 020 ## - INTERNATIONAL STANDARD BOOK NUMBER / ISBN | |
| International Standard Book Number | 978-0-33368-399-6 |
| Price | Rs.595.00 |
| 040 ## - CATALOGING SOURCE | |
| Original cataloging agency | SEACOMMC |
| 082 ## - DEWEY DECIMAL CLASSIFICATION NUMBER | |
| Classification number | 302.2 |
| Book Number | W 339 |
| 100 ## - MAIN ENTRY--PERSONAL NAME | |
| Personal name | Watson, James |
| 245 1# - TITLE STATEMENT | |
| Title | Media Communication : An Introduction to Theory and Process |
| Statement of responsibility | James Watson |
| 250 ## - EDITION STATEMENT | |
| Edition statement | 2nd ed. |
| 260 ## - IMPRINT | |
| Place of publication | New York |
| Name of publisher | Palgrave |
| Date of publication | 2003 |
| 650 ## - SUBJECT ADDED ENTRY--TOPICAL TERM | |
| Topical term | Communication -- Media |
| 942 ## - ADDED ENTRY ELEMENTS (KOHA) | |
| Koha item type | Books |
No items available.
